Normal view
MARC view
- Supervisor: Dr. Farooq Ahmad Tahir
Entry Personal Name
001 - CONTROL NUMBER
- control field: 96850
003 - CONTROL NUMBER IDENTIFIER
- control field: NUST
005 - DATE AND TIME OF LATEST TRANSACTION
- control field: 20220811123601.0
008 - FIXED-LENGTH DATA ELEMENTS
- fixed length control field: 220811|| aca||aabn | a|a d
040 ## - CATALOGING SOURCE
- Original cataloging agency: NUST
- Transcribing agency: NUST
100 ## - HEADING--PERSONAL NAME
- Personal name: Supervisor: Dr. Farooq Ahmad Tahir
670 ## - SOURCE DATA FOUND
- Source citation: Work cat.: (NUST): Khan, Muhammad Aizaz Alam 96849, SIW Based Cavity-Backed Antenna Design Using Higher Order Modes for 5G /
